000 00507nam a22002177a 4500
003 UA-OsUOA
001 56540
007 ta
008 20081103b un ||||| |||| 00| 0 ukr d
100 _aПогребняк Л.
090 _a330
_bП43
942 _cSA
040 _aUA-OsUOA
_bukr
_cUA-OsUOA
_dUA-OsUOA
245 _aВрожай ... розорення
300 _aС.5
955 _a0
041 _aukr
080 _a330
773 0 _w56537
650 7 _a330 Економіка взагалі
_2UDC
999 _c342631
_d342631